Statistiques concernant CESDH

Cliquez ici pour prendre le quiz!

Statistiques générales

  • Ce quiz a été pris 7 fois
  • Le résultat moyen est 7 sur 14

Statistiques - réponses

articleRéponse% Correct
article 2Droit à la vie
80%
article 10Liberté d'expression
80%
article 5Droit à la liberté et à la sûreté
60%
article 6Droit à un procès équitable
60%
article 8Droit au respect de la vie privée et familiale
60%
article 9Liberté de pensée, de conscience et de religion
60%
article 12Droit au mariage
40%
article 14Interdiction de discrimination
40%
article 17Interdiction de l'abus de droit
40%
article 3Interdiction de la torture
40%
article 11Liberté de réunion et d'association
40%
article 13Droit à un recours effectif
20%
article 4Interdiction de l'esclavage et du travail forcé
20%
article 7La non-rétroactivité de la loi penale
20%

Distribution des résultats

Percentile par nombre de réponses

% des personnes avec chaque résultat

Votre développement - résultats

Vous n’avez pas pris ce quiz